[Event "Bayern-ch Seniors 11th"]
[Site "Schloss Schney"]
[Date "1999.??.??"]
[Round "3"]
[White "Oberhofer, J."]
[Black "Barlo, Werner"]
[Result "1/2-1/2"]
[WhiteElo "1942"]
[BlackElo "1696"]
[PlyCount "44"]
[EventDate "1999.11.??"]
[EventType "swiss"]
[EventRounds "9"]
[EventCountry "GER"]
[SourceTitle "EXT 2002"]
[Source "ChessBase"]
[SourceDate "2001.11.25"]
[SourceVersion "1"]
[SourceVersionDate "2001.11.25"]
[SourceQuality "1"]

1. e4 d6 2. d4 Nf6 3. Nc3 g6 4. f4 Bg7 5. Nf3 0-0 6. Be2 c6 7. Be3 Nbd7 8. e5 dxe5 9. dxe5 Ng4 10. Bg1 Nb6 11. h3 Nh6 12. Bf2 Be6 13. Qd4 f6 14. 0-0-0 fxe5 15. fxe5 Qxd4 16. Bxd4 Nf5 17. Rhe1 Bh6+ 18. Kb1 Ne3 19. Bxe3 Bxe3 20. Nd4 Bxd4 21. Rxd4 Nd5 22. Nxd5 Bxd5 1/2-1/2

[Event "Bayern-ch Seniors 11th"]
[Site "Schloss Schney"]
[Date "1999.??.??"]
[Round "7"]
[White "Oberhofer, J."]
[Black "Petermann, Harald"]
[Result "1/2-1/2"]
[WhiteElo "1942"]
[BlackElo "1628"]
[PlyCount "85"]
[EventDate "1999.11.??"]
[EventType "swiss"]
[EventRounds "9"]
[EventCountry "GER"]
[SourceTitle "EXT 2002"]
[Source "ChessBase"]
[SourceDate "2001.11.25"]
[SourceVersion "1"]
[SourceVersionDate "2001.11.25"]
[SourceQuality "1"]

1. e4 c5 2. Nf3 d6 3. d4 cxd4 4. Nxd4 Nf6 5. Nc3 a6 6. Be2 g6 7. Be3 Bg7 8. f4 Nc6 9. Nxc6 bxc6 10. e5 Nd5 11. Nxd5 cxd5 12. Qxd5 Be6 13. Qe4 0-0 14. 0-0 Bf5 15. Qa4 dxe5 16. c3 exf4 17. Qxf4 e5 18. Qa4 Bd7 19. Qa3 Bc6 20. Rad1 Qc7 21. Qd6 Qb7 22. Rf2 Rac8 23. b3 Rc7 24. Bxa6 Rd7 25. Bxb7 Rxd6 26. Rxd6 Bxb7 27. Rd7 Bc8 28. Re7 Bf5 29. Rd2 Bf6 30. Rc7 h5 31. a4 e4 32. a5 Be6 33. a6 Bxb3 34. a7 Be6 35. Rb2 Bd5 36. Rb8 Bd8 37. Rcc8 Be7 38. Rxf8+ Bxf8 39. Bh6 Kh7 40. Bxf8 e3 41. a8Q e2 42. Kf2 Bxa8 43. Rxa8 1/2-1/2

[Event "Bayern-ch Seniors 11th"]
[Site "Schloss Schney"]
[Date "1999.??.??"]
[Round "1"]
[White "Oberhofer, J."]
[Black "Walther, Diethelm"]
[Result "1/2-1/2"]
[WhiteElo "1942"]
[BlackElo "2067"]
[PlyCount "91"]
[EventDate "1999.11.??"]
[EventType "swiss"]
[EventRounds "9"]
[EventCountry "GER"]
[SourceTitle "EXT 2002"]
[Source "ChessBase"]
[SourceDate "2001.11.25"]
[SourceVersion "1"]
[SourceVersionDate "2001.11.25"]
[SourceQuality "1"]

1. e4 c5 2. Nf3 Nc6 3. d4 cxd4 4. Nxd4 g6 5. Be3 Bg7 6. Nc3 Nf6 7. Be2 d5 8. exd5 Nxd5 9. Nxc6 bxc6 10. Nxd5 Qxd5 11. Qxd5 cxd5 12. 0-0-0 e6 13. Bc5 a5 14. Rhe1 Rb8 15. Ba3 Bf8 16. Bxf8 Kxf8 17. Rd3 Bd7 18. Rc3 Ke7 19. Bf3 Kd6 20. Rd1 Rhc8 21. Rxc8 Rxc8 22. Rd4 Rc5 23. Rh4 h5 24. Rf4 f5 25. Bd1 e5 26. Rf3 a4 27. Kd2 d4 28. Rg3 Be8 29. h4 f4 30. Ra3 e4 31. c3 e3+ 32. fxe3 dxe3+ 33. Ke1 Bc6 34. Bf3 Bb5 35. Be2 Bd7 36. c4 Ke5 37. b4 axb3 38. axb3 Bg4 39. b4 Rc7 40. c5 Rb7 41. Ra4 Kd5 42. c6 Kxc6 43. b5+ Kd5 44. Rxf4 Bxe2 45. Kxe2 Rxb5 46. Ra4 1/2-1/2

[Event "Bayern-ch Seniors 11th"]
[Site "Schloss Schney"]
[Date "1999.??.??"]
[Round "8"]
[White "Pietruske, Siegfried"]
[Black "Oberhofer, J."]
[Result "1/2-1/2"]
[WhiteElo "1864"]
[BlackElo "1942"]
[PlyCount "37"]
[EventDate "1999.11.??"]
[EventType "swiss"]
[EventRounds "9"]
[EventCountry "GER"]
[SourceTitle "EXT 2002"]
[Source "ChessBase"]
[SourceDate "2001.11.25"]
[SourceVersion "1"]
[SourceVersionDate "2001.11.25"]
[SourceQuality "1"]

1. e4 e6 2. d4 d5 3. Nc3 dxe4 4. Nxe4 Nf6 5. Bg5 Be7 6. Nxf6+ Bxf6 7. Bxf6 Qxf6 8. Nf3 Nd7 9. c3 0-0 10. Bd3 e5 11. Qc2 h6 12. 0-0-0 exd4 13. Nxd4 Nc5 14. Bf5 g6 15. Bxc8 Rfxc8 16. Nf3 Rd8 17. Rxd8+ Rxd8 18. Rd1 Rxd1+ 19. Kxd1 1/2-1/2